000 00278nam a22001337a 4500
008 180316b xxu||||| |||| 00| 0 eng d
020 _a9780673465931
041 _aeng
080 _a371
100 _a25
101 _aEDU
245 _aStyle
_cWilliams, J.M
942 _2udc
_cBK
999 _c45194
_d45194